French Foods Quiz Stats

 Plays Quiz Updated Dec 31, 2018

Also try: Flags of Food
Challenge
Share
Tweet
Score 0/24 Timer 08:00
3 Plays Today
Column % Correct
Croissant
94.5%
Escargots
88.4%
Baguette
87.7%
Crêpes
85.9%
Éclairs
84%
Quiche Lorraine
82.6%
Brie
73.2%
Crème brûlée
71%
Ratatouille
53.8%
Mousse au chocolat
52.3%
Roquefort
50.4%
Pâté
48.3%
Column % Correct
Steak frites
47.7%
Tarte tatin
44.1%
Pain au chocolat
39.7%
Croque-monsieur
38.8%
Mille-feuille
35.1%
Omelette
33.4%
Salade Niçoise
30.3%
Coq au vin
25.6%
Bouillabaisse
22.7%
Croquembouche
21.3%
Bœuf bourguignon
19.5%
Cassoulet
16.9%

You're not logged in!

Compare scores with friends on all Sporcle quizzes.
OR
Log In

You Might Also Like...

Show Comments

Extras

Top Quizzes Today


Score Distribution

Your Account Isn't Verified!

In order to create a playlist on Sporcle, you need to verify the email address you used during registration. Go to your Sporcle Settings to finish the process.

Report this User

Report this user for behavior that violates our Community Guidelines.

Details: